000 00405nam a2200157Ia 4500
003 Ost
005 20260225132538.0
008 260225s9999||||xx |||||||||||||| ||und||
040 _cfsic
041 _afre
082 _a909.82
100 _aChassan salame
_eAuteur
245 0 _aAppeles d'empire :
245 0 _bingérance et resistance à l'age de la mondialisation /
_cChassan salame
942 _cكتاب
999 _c33340
_d33340